Menové forwardy

Charakteristika menových forwardov. Menové forwardy ako predmet účtovníctva podnikateľov. Menové forwardy na nákup cudzej meny a dva prístupy k oceneniu príjmu cudzej meny na devízový účet.

Saved in:
Bibliographic Details
Main Author: Máziková, Katarína
Other Authors: Mateášová, Martina, 1979-
Format: Book Chapter
Language:Slovak
Subjects:
Tags: Add Tag
No Tags, Be the first to tag this record!

MARC

LEADER 00000nla$a2200000$$$4500
001 0060740
005 20240502071656.3
041 0 |a slo 
044 |a SK 
245 1 0 |a Menové forwardy  |c Katarína Máziková, Martina Mateášová 
520 |a Charakteristika menových forwardov. Menové forwardy ako predmet účtovníctva podnikateľov. Menové forwardy na nákup cudzej meny a dva prístupy k oceneniu príjmu cudzej meny na devízový účet. 
610 2 0 |a forwardy 
610 2 0 |a mena 
610 2 0 |a oceňovanie 
610 2 0 |a kurz forwardový 
610 2 0 |a kurz menový 
610 2 0 |a účtovníctvo 
610 2 0 |a účtovanie 
610 2 0 |a podnikatelia 
610 2 0 |a banky 
100 1 |a Máziková, Katarína 
700 1 |a Mateášová, Martina, 1979-